| 000 | 01366nam a2200337Ia 4500 | ||
|---|---|---|---|
| 001 | ebr10415383 | ||
| 003 | CaPaEBR | ||
| 006 | m u | ||
| 007 | cr cn||||||||| | ||
| 008 | 090521s2010 enk sb 001 0 eng d | ||
| 020 | _z9781855757844 (pbk.) | ||
| 020 | _z1855757842 (pbk.) | ||
| 040 |
_aCaPaEBR _cCaPaEBR |
||
| 035 | _a(OCoLC)694142626 | ||
| 050 | 1 | 4 |
_aRC506 _b.M458 2010eb |
| 100 | 1 | _aMeltzer, Donald. | |
| 240 | 1 | 0 |
_aSelections. _f2010 |
| 245 | 1 | 2 |
_aA Meltzer reader _h[electronic resource] : _bselections from the writings of Donald Meltzer / _cedited by Meg Harris Williams ; with chapter introductions by Grete Tangen Andersen ... [et al.]. |
| 260 |
_aLondon : _bKarnac, _c2010. |
||
| 300 | _axiv, 159 p. | ||
| 500 | _a"Published for the Harris Meltzer Trust". | ||
| 504 | _aIncludes bibliographical references and index. | ||
| 533 |
_aElectronic reproduction. _bPalo Alto, Calif. : _cebrary, _d2010. _nAvailable via World Wide Web. _nAccess may be limited to ebrary affiliated libraries. |
||
| 650 | 0 | _aPsychoanalysis. | |
| 650 | 0 | _aChild analysis. | |
| 655 | 7 |
_aElectronic books. _2local |
|
| 700 | 1 |
_aWilliams, Meg Harris, _d1951- |
|
| 710 | 2 | _aHarris Meltzer Trust. | |
| 710 | 2 | _aebrary, Inc. | |
| 856 | 4 | 0 |
_uhttp://site.ebrary.com/lib/rucke/Doc?id=10415383 _zAn electronic book accessible through the World Wide Web; click to view |
| 999 |
_c86638 _d86638 |
||